| 000 | 00794nam a22001577a 4500 | ||
|---|---|---|---|
| 003 | OSt | ||
| 005 | 20151024135446.0 | ||
| 008 | 151024b xxu||||| |||| 00| 0 eng d | ||
| 040 | _cRUA | ||
| 082 | _aAVM WAN 2012 B102 Or.1 | ||
| 100 |
_92781 _aWANN, CHINDA. |
||
| 245 | _aEffect of VMD- AMINOVIT supplements in concentrated feed on growth performance of quail in animal station's rua, ឥទ្ធិពលនៃការបន្ថែមVMD- AMINOVIT ក្នុងចំណីផ្សំលើការលូតលាស់របស់ក្រួច នៅស្ថានីយចិញ្ចឹមសត្វនៃសាកលវិទ្យាល័យភូមិន្ទកសិកម្ម | ||
| 260 |
_aPhnom Penh _bRUA _c2012 |
||
| 300 |
_ax; 47p. _bill. _c29cm. |
||
| 942 |
_2ddc _cAVM |
||
| 999 |
_c2601 _d2601 |
||